Co to za flaga Polska #1 - Statystyki

Ogólne statystyki
  • Ten quiz został rozwiązany 53 razy
  • Średni wynik to 6 z 6
Statystyki odpowiedzi
Obrazkowy Odpowiedź % Poprawnych
Brazylia
100%
Francja
100%
Hiszpania
100%
Rosja
100%
Ukraina
98%
Meksyk
92%
Nie znaleziono quizów pasujących do podanych kryteriów
Rozkład punktacji
Procent ludzi z każdym wynikiem
Percentyl według liczby udzielonych odpowiedzi
Twoja historia wyników
Nie rozwiązałeś tego quizu